[Event "EICC 2019"]
[Site "Skopia"]
[Date "2019.03.21"]
[Round "4.23"]
[White "Romanov, Evgeny"]
[Black "Baron, Tal"]
[Result "0-1"]
[WhiteElo "2612"]
[BlackElo "2506"]
[Annotator "TA"]
[PlyCount "80"]
[EventDate "2019.03.18"]
[EventType "swiss"]
[EventCountry "MKD"]
[SourceTitle "playchess.com"]
[Source "ChessBase"]
[SourceQuality "1"]

{[%evp 9,80,12,11,3,8,0,6,10,7,-6,26,22,27,18,20,16,44,45,46,23,23,22,28,42,39,29,56,48,48,0,0,0,16,3,29,50,45,43,30,0,0,-18,-12,-104,0,-193,-83,-204,-194,-707,-731,-729,-717,-706,-701,-963,-957,-855,-371,-1818,-1458,-1306,-1237,-1791,-1574,-1354,-825,-29991,-29989,-29989,-29990,-29990,-29988]} 1. Nf3 d5 2. c4 d4 3. b4 Bg4 4. Qb3 Bxf3 (4... Nf6 5. g3 a5 6. b5 a4 7. Qd3 c5 8. Bg2 Nbd7 9. h3 Bh5 10. Qc2 e5 11. Nh4 Ra7 {0-1 (54) Howell,D (2696)-Adams,M (2703) London 2018}) 5. Qxf3 c6 6. g3 {A09: Réti Opening: 1 Nf3 d5 2 c4} e5 7. Qb3 a5 8. b5 {The position is equal.} a4 9. Qc2 $146 ({Predecessor:} 9. Qb2 Nd7 10. bxc6 bxc6 11. Bg2 Qc7 {½-½ (50) Moroni,L (2415)-Mrdja,M (2366) Ceriano Laghetto 2015}) 9... Bc5 10. Bg2 Ne7 11. O-O O-O 12. d3 Nd7 13. Nd2 f5 14. Rb1 Nf6 15. Nf3 Qd6 16. bxc6 bxc6 17. Rb7 Ng6 18. Bh3 Ne7 19. e3 dxe3 $1 20. Bxe3 Bxe3 21. fxe3 {Black must now prevent c5.} Nd7 22. d4 $1 {aiming for c5.} Rad8 23. dxe5 Nxe5 24. Nd4 {[%cal Rh3f5]} Qa3 25. Qe2 ({Much worse is} 25. Nxf5 Nxf5 26. Bxf5 Qxe3+ 27. Kh1 Kh8 $17) 25... g6 26. c5 {[#]} (26. Nf3 $11 {keeps the balance.} Nxf3+ 27. Qxf3) 26... Nd5 ({Black should play} 26... Rfe8 $1 $17 {...Rb8 is the strong threat.} 27. Bg2 Rb8) 27. Re1 $2 (27. Ne6 $11 {and White has nothing to worry.}) 27... Nc3 (27... Rb8 $19 {is more deadly.} 28. Rxb8 Rxb8) 28. Qf1 (28. Qb2 $17 Qxb2 29. Rxb2) 28... Qxa2 $19 29. Qf4 $2 (29. Bg2) 29... Nd3 30. Qf1 Nxe1 31. Qxe1 Ne4 32. Nxc6 Rd2 {Threatens to win with ...Ng5.} 33. Bf1 Rf7 (33... Ng5 $142 {( -> ...Nf3+)} 34. Ne5 Rxh2) 34. Nb4 $2 (34. Rxf7 Qxf7 35. Nd4) 34... Qb3 35. Rb8+ Rf8 36. Rb7 a3 37. c6 a2 38. c7 {[#]} a1=Q $1 {Black mates.} 39. Bc4+ (39. Qxa1 Qxe3+) 39... Qxc4 {[%cal Ra1e1]} 40. Qxa1 Nc3 {Accuracy: White = 37%, Black = 53%.} 0-1

[Event "EICC 2019"]
[Site "Skopia"]
[Date "2019.03.21"]
[Round "4.24"]
[White "Pantsulaia, Levan"]
[Black "Quparadze, Giga"]
[Result "1-0"]
[WhiteElo "2611"]
[BlackElo "2501"]
[Annotator "TA"]
[PlyCount "77"]
[EventDate "2019.03.18"]
[EventType "swiss"]
[EventCountry "MKD"]
[SourceTitle "playchess.com"]
[Source "ChessBase"]
[SourceQuality "1"]

{[%evp 13,77,21,11,19,16,26,17,-11,0,-5,52,41,68,71,92,83,80,46,61,65,61,59,75,37,47,58,131,113,154,147,257,270,266,264,239,240,270,264,261,256,281,270,283,280,977,405,397,405,395,395,386,381,378,231,462,472,533,530,554,563,704,685,749,750,681,652]} 1. c4 Nf6 2. Nc3 c5 3. g3 d5 4. cxd5 Nxd5 5. Bg2 Nc7 6. Qb3 Nc6 7. Bxc6+ bxc6 8. Nf3 {A34: Symmetrical English: 2 Nc3, lines with ...d5} (8. d3 Ne6 9. Qa4 g6 10. Nf3 Bg7 11. Qxc6+ Bd7 12. Qd5 O-O 13. Ne5 Qc7 14. Qxd7 Qxe5 15. O-O Nd4 {1-0 (35) Vitiugov,N (2726)-Babula,V (2572) Czechia 2011}) 8... Ne6 9. Qa4 Nd4 10. Ne5 {The position is equal.} Qc7 11. Nc4 $146 ({Predecessor:} 11. f4 f6 12. Nc4 Rb8 13. d3 Rb4 14. Qd1 Bg4 15. h3 Bh5 16. g4 {0-1 (29) Leiros Vila,A (2151)-Santos,L (2369) Porto 2014}) 11... Bd7 ({Black should try} 11... e5 $11) 12. d3 $14 e5 13. f4 Be7 14. Nxe5 O-O 15. Be3 $36 {[%mdl 2048] White has good play.} Be6 16. Bxd4 cxd4 17. Qxd4 Rab8 18. Rb1 Bb4 {[#] And now ...Rfd8 would win.} 19. O-O c5 (19... f6 $14) 20. Qe4 $16 Bxc3 21. bxc3 {[%cal Bb2c3,Bc3c4][%mdl 32]} Rxb1 (21... Rbe8 $16 22. Rb2 f6) 22. Rxb1 $18 Qa5 23. c4 Qxa2 24. Rb7 Bh3 25. Kf2 {Black must now prevent Rxf7!} Qa1 {[#]} 26. g4 $1 Qf1+ 27. Kg3 h5 {...hxg4 is the strong threat.} 28. Qf3 ({Don't take} 28. gxh5 $6 Be6 $18) ({Stronger than} 28. Rxa7 hxg4 29. f5 Qe1+ 30. Kf4 Qf2+ 31. Kg5 g3 $11) 28... f6 $2 (28... Qxf3+ 29. exf3 Bf1) 29. Ng6 (29. Qd5+ $142 Kh7 30. Qd7 Qg2+ 31. Kh4 Qxb7 32. Qxb7 fxe5 33. Qe7 Rxf4 34. Qxe5 Rxg4+ 35. Kxh3) 29... Rd8 30. Qxf1 Bxf1 {[%mdl 4096] Endgame KRB-KRN} 31. Kf2 Bh3 32. Rxa7 Bxg4 33. Rc7 Ra8 $2 (33... Kh7 {was worth a try.}) 34. f5 {White is clearly winning.} Kh7 35. e4 Ra2+ 36. Kg3 {Threatens to win with Rc8.} Rd2 37. Nf4 Be2 38. Rxc5 h4+ 39. Kxh4 {Accuracy: White = 70%, Black = 37%.} 1-0

[Event "EICC 2019"]
[Site "Skopia"]
[Date "2019.03.21"]
[Round "4.25"]
[White "Arizmendi Martinez, Julen Luis"]
[Black "Predke, Alexandr"]
[Result "1/2-1/2"]
[WhiteElo "2506"]
[BlackElo "2611"]
[Annotator "TA"]
[PlyCount "87"]
[EventDate "2019.03.18"]
[EventType "swiss"]
[EventCountry "MKD"]
[SourceTitle "playchess.com"]
[Source "ChessBase"]
[SourceQuality "1"]

{[%evp 16,87,20,15,19,15,24,9,18,14,15,5,3,5,7,7,7,0,0,0,0,0,0,0,0,-5,-12,-7,-9,-10,0,0,0,0,0,0,0,0,0,0,0,0,0,0,0,0,0,0,0,0,0,0,0,0,0,0,0,0,0,0,8,8,8,8,8,8,8,8,59,60,60,64,93,93]} 1. e4 e5 2. Nf3 Nc6 3. Bb5 Nf6 4. O-O Nxe4 5. Re1 Nd6 6. Nxe5 Be7 7. Bf1 Nxe5 8. Rxe5 O-O 9. d4 Ne8 {C67: Ruy Lopez: Berlin Defence: 4 0-0 Nxe4} (9... Bf6 10. Re1 Re8 11. c3 Rxe1 12. Qxe1 Nf5 13. Bf4 d6 14. Nd2 Be6 15. Ne4 Be7 16. Qd2 c6 17. Bd3 Qd7 18. Ng5 Bxg5 19. Bxg5 h6 20. Bf4 g5 21. Bxf5 Bxf5 22. Bg3 d5 23. Re1 {½-½ (23) Nepomniachtchi,I (2763)-Radjabov,T (2757) Wijk aan Zee 2019}) 10. d5 Bc5 11. Be3 d6 {The position is equal.} 12. Bxc5 {And now Rxe8 would win.} dxc5 13. Nc3 Qf6 14. Qe2 Nd6 15. Re1 Bd7 {[#]} 16. Qe3 $146 ({Predecessor:} 16. Qd2 Rae8 {½-½ (16) Guseinov,G (2623)-Parligras,M (2596) Konya 2016}) 16... Qxe5 17. Qxe5 Rae8 18. f4 f6 19. Qxe8 Rxe8 20. Rxe8+ Bxe8 $11 {[%mdl 4096] Endgame KBN-KBN} 21. g4 h5 22. h3 hxg4 23. hxg4 Bg6 24. f5 Bh7 25. Kf2 g6 26. fxg6 Bxg6 27. Bd3 Bxd3 28. cxd3 {KN-KN} Kf7 29. Ke3 c4 30. dxc4 Nxc4+ {[%mdl 64] [#] Double Attack} 31. Kf4 Nxb2 32. Nb5 $1 Nd3+ 33. Kf5 Nb4 34. Nxc7 Nxa2 35. Nb5 {[#] aiming for Nd6+.} Nb4 36. Ke4 a5 37. Nd6+ Kg6 38. Nxb7 a4 39. d6 a3 $132 {[%mdl 2048] Black is fighting back} 40. d7 Nc6 41. Kd5 a2 (41... Nb4+ $11 42. Kc4 a2) 42. Kxc6 $14 a1=Q 43. d8=Q Qa6+ 44. Kc7 {Accuracy: White = 93%, Black = 75%.} 1/2-1/2

[Event "EICC 2019"]
[Site "Skopia"]
[Date "2019.03.21"]
[Round "4.26"]
[White "Svane, Rasmus"]
[Black "Studer, Noel"]
[Result "1-0"]
[WhiteElo "2610"]
[BlackElo "2479"]
[Annotator "TA"]
[PlyCount "63"]
[EventDate "2019.03.18"]
[EventType "swiss"]
[EventCountry "MKD"]
[SourceTitle "playchess.com"]
[Source "ChessBase"]
[SourceQuality "1"]

{[%evp 16,63,0,0,19,18,24,15,25,20,15,16,51,44,69,49,43,49,160,167,266,269,253,276,278,278,278,269,249,0,0,0,272,270,439,442,593,575,593,593,578,580,574,447,1418,1369,1255,1258,29995,389]} 1. Nf3 d5 2. g3 Nf6 3. Bg2 e6 4. O-O c5 5. d4 cxd4 6. Nxd4 e5 7. Nf3 Nc6 8. c4 d4 9. e3 Bg4 {Strongly threatening ...e4. E01: Catalan: Early deviations} (9... Be7 10. exd4 exd4 11. Bf4 Be6 12. Nbd2 O-O 13. Ne5 Qb6 14. Qb3 Rac8 15. Qxb6 axb6 16. Rac1 Rfd8 17. Rfe1 Nd7 18. Nxd7 Rxd7 19. Bd5 {1-0 (78) Lenderman,A (2630)-Vidit,S (2711) chess.com INT 2018}) 10. Qb3 Qc7 $146 ({Predecessor:} 10... Bd6 11. Qxb7 Na5 12. Qb5+ Bd7 13. Qa6 Bc8 14. Qb5+ Bd7 15. Qa6 Bc8 {½-½ (15) Olafsson,H (2555)-Tikkanen,H (2559) Tromsoe 2014}) 11. exd4 Bxf3 $1 {The position is equal.} 12. Qxf3 {aiming for dxe5.} Nxd4 13. Qd3 h6 14. Nc3 Bc5 15. Nd5 Nxd5 16. Bxd5 O-O {[#]} ({Better is} 16... a5 $14) 17. Bxh6 $1 $16 {[%mdl 512]} gxh6 (17... Rad8 {is a better defense.}) 18. Qg6+ $1 $18 {[%mdl 64] Double Attack} Kh8 19. Qxh6+ Kg8 20. Qg6+ Kh8 {[#]} 21. Qf6+ $1 Kg8 22. Qg6+ $2 $40 {[%mdl 128] Black needs to defend precisely.} (22. Rae1 $18 Qb6 23. Qg5+ (23. Qxe5 Rfe8 $11) 23... Kh8 24. Rxe5) 22... Kh8 $11 23. Qf6+ $2 {[%mdl 8192]} (23. Qh5+ $11 Kg7 24. Qg5+ Kh7 25. Qh5+ Kg7 26. Qg5+ Kh7 27. Qh4+ Kg6 28. Qg4+ Kh6 29. Qh4+ Kg6 30. Qg4+ Kh6 31. Qh4+ Kg6) 23... Kg8 $18 24. Rae1 {[%cal Ba1e1,Be1e5,Be5e8][%mdl 32]} Qd6 $2 (24... Rfd8) 25. Qg5+ Kh8 26. Rxe5 f5 {Black hopes to continue with ...Qf6.} 27. Qh4+ Kg7 28. Rfe1 Rf7 29. Qg5+ Kh8 (29... Qg6 $142 30. Qxg6+ Kxg6 31. Bxf7+ {[%mdl 64] Discovered Attack} Kxf7 32. Rxc5 Nf3+ 33. Kf1 Nxe1 34. Rc7+ (34. Rxf5+ Ke6 $16) 34... Ke6 35. Kxe1 b6) 30. Qh5+ Rh7 31. Re8+ {[%mdl 64] Double Attack} Kg7 32. Qg5+ $2 {Accuracy: White = 67%, Black = 38%.} (32. Qf7+ {mates} Kh6 {[#]} 33. R8e6+ $1 {[%mdl 512]} Qxe6 34. Rxe6+ Nxe6 35. Qf6+ Kh5 36. Bf3#) 1-0

[Event "EICC 2019"]
[Site "Skopia"]
[Date "2019.03.21"]
[Round "4.27"]
[White "Janik, Igor"]
[Black "Deac, Bogdan-Daniel"]
[Result "0-1"]
[WhiteElo "2454"]
[BlackElo "2609"]
[Annotator "TA"]
[PlyCount "136"]
[EventDate "2019.03.18"]
[EventType "swiss"]
[EventCountry "MKD"]
[SourceTitle "playchess.com"]
[Source "ChessBase"]
[SourceQuality "1"]

{[%evp 14,136,33,15,10,15,12,7,0,0,15,20,12,0,0,7,0,-4,6,8,8,9,4,5,14,0,5,3,4,0,5,6,14,8,7,0,24,9,31,20,38,4,10,9,5,-7,-4,-4,7,-10,-1,-12,-10,-19,0,0,0,-8,-3,-10,0,-5,-10,-49,0,-10,-9,-17,0,-27,-25,-32,-25,-26,-12,-57,-59,-64,-64,-60,-66,-66,-65,-62,-40,-83,-78,-80,-80,-80,-85,-79,-77,-77,-77,-77,-77,-114,-74,-106,-63,-120,-120,-127,-167,-191,-188,-214,-211,-304,-226,-489,-462,-533,-526,-520,-501,-660,-261,-242,-207,-262,-249,-758,-745]} 1. d4 Nf6 2. c4 e6 3. Nf3 d5 4. g3 dxc4 5. Bg2 Bd7 6. Ne5 Bc6 7. Nxc6 Nxc6 {[%cal Bb8c6,Bc6b4,Bb4d3][%mdl 32]} 8. O-O Qd7 {E04: Open Catalan: 5 Nf3} 9. e3 Rd8 10. Qa4 Nb4 $1 {The position is equal.} 11. Qxd7+ Rxd7 12. Na3 c5 13. dxc5 Bxc5 14. Nxc4 Nd3 {[#]} 15. a3 $146 ({Predecessor:} 15. Na5 Bb6 16. Nc4 {½-½ (40) Postny,E (2606)-Greenfeld,A (2550) Fagernes 2017}) 15... O-O 16. b4 Be7 17. Nb2 Nxc1 18. Rfxc1 b5 19. Bc6 Rd2 20. Nd1 Rb8 21. Nc3 a6 22. Ra2 Rd6 23. Bf3 g6 24. Kf1 Rdd8 25. Ne2 e5 26. Nc3 Kf8 27. Ke2 Rd7 28. Rd1 Ra7 29. Rb2 Rc8 30. Ne4 Ne8 31. Nd2 a5 32. Bd5 axb4 33. axb4 f5 34. e4 Nd6 35. Bb3 fxe4 36. Bd5 Nf5 37. Nxe4 Rd8 38. Ba2 Rda8 39. Bb1 Nd4+ 40. Kf1 Ra1 41. f4 Nf5 $36 {[%mdl 2048] Strongly threatening ...Ne3+. Black fights for an advantage.} 42. Ke2 exf4 43. gxf4 R8a3 44. Rd3 Rxd3 45. Bxd3 Rh1 $1 46. Kf3 Re1 47. Kg2 Re3 48. Nf2 Nd4 49. Ra2 Ne6 50. Ra8+ Kg7 51. Bxb5 Nxf4+ 52. Kf1 Bxb4 {[%csl Gb4][%cal Re3e1]} 53. Ra7+ Kf8 {[%csl Gb4][%cal Re3e1]} 54. Ra8+ Kf7 $1 {[%csl Gb4][%cal Re3e1]} 55. Ng4 Rc3 56. Ra4 Bd6 {Hoping for ...h5.} 57. Bc4+ ({White should play} 57. Ra7+ $15 Rc7 58. Rxc7+ Bxc7 59. Bc4+ Ke7 60. Kf2) 57... Ke7 $17 {And now ...h5 would win.} 58. Ke1 h5 59. Nf2 {[#]} Rc2 $1 60. Bb3 {[#]} Rb2 $1 {[%cal Rb2b3]} 61. Ra7+ (61. Re4+ $142 Kf6 62. Ba4) 61... Kd8 62. Rb7 $2 (62. Ba4 Ng2+ {[%mdl 64] Discovered Attack} 63. Kd1) 62... Ng2+ {[%mdl 64] Discovered Attack} 63. Kf1 Ne3+ 64. Ke1 Bxh2 {White must now prevent ...Bg3.} 65. Ne4 Bf4 $2 (65... Bc7 66. Rb5 h4) 66. Bd5 $19 Rc2 67. Be6 Bc7 68. Rb3 $2 (68. Ra7) 68... Ba5+ {Accuracy: White = 35%, Black = 57%.} 0-1

[Event "EICC 2019"]
[Site "Skopia"]
[Date "2019.03.21"]
[Round "4.28"]
[White "Kovalev, Vladislav"]
[Black "Golubka, Petro"]
[Result "1-0"]
[WhiteElo "2703"]
[BlackElo "2468"]
[Annotator "TA"]
[PlyCount "79"]
[EventDate "2019.03.18"]
[EventType "swiss"]
[EventCountry "MKD"]
[SourceTitle "playchess.com"]
[Source "ChessBase"]
[SourceQuality "1"]

{[%evp 9,79,29,28,30,34,11,33,33,31,34,36,35,62,40,52,58,74,50,63,69,82,55,77,70,100,90,94,65,100,87,74,78,79,65,101,98,112,102,112,105,118,110,106,62,78,66,80,85,193,193,218,218,563,560,547,524,515,510,435,306,488,455,534,547,1216,1211,1107,1115,1287,1056,1401,1328]} 1. e4 c5 2. Nf3 d6 3. d4 cxd4 4. Qxd4 Bd7 5. c4 Nc6 6. Qe3 {B53: Sicilian: 2...d6: Lines with Qxd4} Nf6 7. Nc3 g6 8. h3 {White is slightly better.} Bg7 9. Be2 O-O 10. O-O b6 (10... Nb4 11. Rb1 a6 12. b3 Nh5 {½-½ (83) Alekseev,E (2622)-Tsydypov,Z (2529) Sochi 2017}) 11. Rd1 Rc8 12. Rb1 Nh5 $146 ({Predecessor:} 12... Qc7 13. b3 Qb7 {1-0 (21) Nestorovic,N (2495)-Sukovic,A (2114) Niksic 2016}) 13. b3 f5 14. Bb2 Qe8 15. Nd5 fxe4 16. Ng5 Bxb2 17. Rxb2 Ng7 18. g4 Ne5 ({But not} 18... e6 $2 19. Nc3 $18) 19. Nxe4 Bc6 20. f4 Nd7 21. Bf1 Bxd5 22. cxd5 Nf6 23. Nc3 Qd7 {[#]} 24. Rg2 $1 Kh8 25. Ba6 Rc7 26. b4 e6 27. dxe6 Qxe6 28. Qd4 h5 (28... d5 $16) 29. Re2 $18 Qg8 30. g5 Rxc3 $2 (30... Nf5 31. Qd3 Nh7) 31. Qxc3 Nd5 {[#]} 32. Rxd5 $1 Qxd5 33. Re7 $1 {[%csl Ge7,LRa7,LRg7][%cal Rc3g7]} Qg8 34. Qd4 Re8 (34... d5 {might work better.} 35. Rxa7 Ra8 36. Rxa8 (36. Qxb6 Rxa7 37. Qxa7 Qe6 $16) 36... Qxa8) 35. Rxa7 {White is clearly winning.} Ra8 36. Bc4 Rxa7 37. Bxg8 Kxg8 38. Qxb6 Rxa2 39. Qxd6 Kh7 40. b5 {Accuracy: White = 86%, Black = 39%.} 1-0

[Event "EICC 2019"]
[Site "Skopia"]
[Date "2019.03.21"]
[Round "4.29"]
[White "Tomashevsky, Evgeny"]
[Black "Shevchenko, Kirill"]
[Result "1/2-1/2"]
[WhiteElo "2705"]
[BlackElo "2535"]
[Annotator "TA"]
[PlyCount "53"]
[EventDate "2019.03.18"]
[EventType "swiss"]
[EventCountry "MKD"]
[SourceTitle "playchess.com"]
[Source "ChessBase"]
[SourceQuality "1"]

{[%evp 16,53,11,22,6,12,15,13,27,11,19,12,58,50,51,1,22,2,9,9,23,20,12,13,0,0,29,0,-5,-24,-27,-35,-50,-37,0,-14,-8,-51,-72,-77]} 1. e4 c5 2. d3 Nc6 3. f4 d6 4. Nf3 g6 5. Be2 Bg7 6. O-O e6 {B21: Sicilian: 2 f4 and Morra Gambit} 7. c3 Nge7 8. Be3 f5 (8... b6 9. Nbd2 Bb7 10. a3 d5 11. Bf2 Qc7 12. e5 f6 13. d4 cxd4 14. cxd4 {1-0 (48) Kovalev,V (2639)-Demchenko,A (2660) Riadh 2017}) 9. Na3 {LiveBook: 3 Games} O-O 10. Qd2 b6 11. Rae1 $146 ({Predecessor:} 11. Nc2 Qd7 12. Rad1 Bb7 13. exf5 gxf5 14. d4 {0-1 (55) Brem,S (2123)-Koepke,C (2387) Munich 2012}) 11... Bb7 12. Bd1 Qd7 13. b4 {[#]} Bxc3 $1 {[%mdl 512]} 14. Qxc3 {[%cal Rb4c5]} cxb4 15. Qb3 {Threatens to win with Nc2.} (15. Qc1 {feels hotter.} bxa3 16. Ba4 Rac8 17. Qxa3 d5 18. exf5 Nxf5 19. Bc1) 15... bxa3 16. Qxa3 Na5 17. Bd2 fxe4 18. Ng5 h6 19. Nxe4 Bxe4 20. Rxe4 Nb7 21. Bf3 d5 22. Rxe6 Qxe6 23. Re1 Qc6 $1 {...Nf5 is the strong threat.} 24. Rxe7 {And now Qc3 would win.} Rf7 25. Re5 Rd8 26. d4 {[#]} Na5 $1 {[%cal Ra5c4]} 27. Bxa5 {Precision: White = 40%, Black = 85%.} 1/2-1/2

[Event "EICC 2019"]
[Site "Skopia"]
[Date "2019.03.21"]
[Round "4.30"]
[White "Dubov, Daniil"]
[Black "Basso, Pier Luigi"]
[Result "1-0"]
[WhiteElo "2703"]
[BlackElo "2521"]
[Annotator "TA"]
[PlyCount "59"]
[EventDate "2019.03.18"]
[EventType "swiss"]
[EventCountry "MKD"]
[SourceTitle "playchess.com"]
[Source "ChessBase"]
[SourceQuality "1"]

{[%evp 12,59,46,40,39,-22,-24,-20,46,43,645,643,647,644,1352,1334,922,756,704,732,1092,634,637,628,586,571,590,590,579,583,618,615,658,610,623,600,632,640,639,612,637,634,1027,925,910,843,29986,29987,29993,29994]} 1. e4 c5 2. Nf3 e6 3. d4 cxd4 4. Nxd4 Nf6 5. Nc3 Nc6 6. Ndb5 Bc5 7. Bf4 {Black must now prevent Nc7+.} O-O {B45: Sicilian Four Knights} 8. e5 (8. Bc7 $14 Qe7 9. Bd6 Bxd6 10. Qxd6 (10. Nxd6 Ne8 $11)) 8... a6 $11 9. Nd6 Bxd6 $146 (9... Ne8 $1 $11) ({Predecessor:} 9... Ne8 10. Nde4 Bd4 11. Qh5 Qa5 12. O-O-O Bxe5 13. Bxe5 Qxe5 14. Qh4 d5 15. f4 {½-½ (32) Hoolt,S (2337)-Schleining,Z (2368) Germany 2013}) 10. Qxd6 $14 Qb6 $2 {[%mdl 8192]} (10... Ne8 $14 11. Qd2 f6) 11. exf6 $18 Qxb2 {[#]} 12. Kd2 $1 Qxa1 {[#]} 13. Bh6 $1 {[%mdl 512]} Re8 (13... gxh6 14. Qg3+) 14. fxg7 {Threatening mate with Qf8+.} Ne7 15. g4 a5 16. Bg2 Qb2 17. Rb1 {[%mdl 64] Trapped Piece} Ra6 18. Qg3 ({And not} 18. Rxb2 Rxd6+ 19. Kc1 e5 $17) 18... Qxb1 19. Nxb1 e5 20. Be3 Re6 21. Nc3 d5 {If only Black now had time for ...d4....} 22. Nxd5 Nxd5 23. Bxd5 Rd6 24. c4 Be6 25. Qxe5 Red8 {[%cal Rd6d5]} 26. Ke2 Bxg4+ 27. f3 Be6 28. Bc5 R6d7 29. Bxe6 Re8 {[#]} 30. Bxf7+ $1 {[%mdl 64] Discovered Attack. Accuracy: White = 74%, Black = 42%.} 1-0

[Event "EICC 2019"]
[Site "Skopia"]
[Date "2019.03.21"]
[Round "4.31"]
[White "Saric, Ivan"]
[Black "Valsecchi, Alessio"]
[Result "1-0"]
[WhiteElo "2703"]
[BlackElo "2515"]
[Annotator "TA"]
[PlyCount "83"]
[EventDate "2019.03.18"]
[EventType "swiss"]
[EventCountry "MKD"]
[SourceTitle "playchess.com"]
[Source "ChessBase"]
[SourceQuality "1"]

{[%evp 21,83,40,42,32,33,31,44,38,64,61,71,49,81,79,96,84,119,91,85,69,69,69,90,80,79,69,98,77,125,104,105,97,89,72,73,62,130,129,135,134,144,0,0,0,161,160,163,142,124,139,226,207,279,254,299,214,281,214,214,214,1132,500,29996,-288]} 1. e4 c5 2. Nf3 Nc6 3. d4 cxd4 4. Nxd4 g6 5. c4 Nf6 6. Nc3 Nxd4 7. Qxd4 d6 8. f3 Bg7 9. Be3 O-O 10. Qd2 Qa5 11. Rc1 Be6 12. b3 {B36: Sicilian: Maroczy Bind: Gurgenidze System} (12. Nd5 Qxa2 13. Nxe7+ Kh8 14. Bd4 Rae8 15. Qc3 Nh5 16. Bxg7+ Nxg7 17. b4 Qa4 18. b5 a5 19. Nd5 Bxd5 20. cxd5 f5 21. Ra1 Qb4 22. Qxb4 axb4 {1-0 (51) Carlsen,M (2832)-Guseinov,G (2645) chess.com INT 2017}) 12... Rfc8 13. Bd3 Nd7 14. Nd5 {White is slightly better.} Qd8 15. O-O Nc5 $146 ({Predecessor:} 15... a5 16. f4 Nc5 17. Bb1 Bxd5 18. Qxd5 Qb6 19. f5 e6 {1-0 (35) Kushagra,M (2308)-Bhatt,J (1965) New Delhi 2018}) 16. Bc2 a5 17. f4 Bxd5 18. exd5 Qd7 19. a4 f5 20. Rce1 Rf8 21. Bf2 Qc7 22. Re2 Rf7 23. h3 Raf8 24. Rfe1 Bh6 25. Kh1 Re8 26. Bd4 Ref8 27. Qe3 Bg7 28. Bxg7 Kxg7 (28... Rxg7 $14 29. g4 Rf6) 29. g4 $16 fxg4 {[#]} 30. f5 $1 (30. hxg4 Rxf4 31. Rh2 (31. Qxe7+ Qxe7 32. Rxe7+ R8f7 $17) 31... e5 $11) 30... gxf5 31. Qg5+ (31. hxg4 $16 Rg8 32. Rf1 (32. gxf5 Kh8 $14)) 31... Kh8 $11 32. Rxe7 Qc8 $2 (32... Qd8 $1 $11 33. Rxf7 Qxg5 34. Rxf8+ Kg7 35. Rxf5 Qd2 36. Re7+ Kg8 37. Re8+ Kg7 38. Re7+ Kg8 39. Re8+ Kg7 40. Re7+) 33. hxg4 $18 Ne4 34. Bxe4 fxe4 35. R7xe4 $40 {[%mdl 128] White wants a kill.} ({But not} 35. R1xe4 $6 Rf1+ 36. Kg2 R8f2+ 37. Kg3 (37. Kh3 Qf8 $11) 37... Qf8 $11) 35... Qc5 (35... Rf3 $16 36. Re7 Rf1+ 37. Rxf1 Rxf1+ 38. Kg2 (38. Kh2 Qf8 $14) 38... Qf8) 36. Qe3 Qc8 37. Re6 Qd8 {( -> ...Qh4+)} 38. g5 Kg8 39. Kg2 Rf5 40. Re7 b6 $2 {[#]} (40... Rf2+ 41. Kh1 (41. Qxf2 Rxf2+ 42. Kxf2 Qf8+ 43. Kg3 Qf5 $16) 41... R2f7 42. Rxf7 Rxf7) 41. Qe6+ (41. g6 $142 $1 {[%mdl 512] Intending Qe6+ and mate.} Re5 (41... hxg6 42. Qe6+) 42. Rxe5 dxe5 43. gxh7+ Kh8 44. Qxe5+ Qf6 45. Qxf6+ Rxf6 46. Re6) 41... Kh8 {[#]} (41... R5f7 $18 42. Kg3 Qxe7 43. Qxe7 Rxe7 44. Rxe7 Rf1) 42. Rxh7+ $1 {[%mdl 33280] Accuracy: White = 72%, Black = 35%. . Loss on time!?} 1-0

[Event "EICC 2019"]
[Site "Skopia"]
[Date "2019.03.21"]
[Round "4.32"]
[White "Beliavsky, Alexander G"]
[Black "Mamedov, Rauf"]
[Result "0-1"]
[WhiteElo "2526"]
[BlackElo "2701"]
[Annotator "TA"]
[PlyCount "76"]
[EventDate "2019.03.18"]
[EventType "swiss"]
[EventCountry "MKD"]
[SourceTitle "playchess.com"]
[Source "ChessBase"]
[SourceQuality "1"]

{[%evp 11,76,24,26,25,36,25,23,10,17,8,18,-12,-4,-17,6,12,8,10,28,0,0,0,0,0,29,0,2,14,12,0,27,28,21,0,0,0,27,-10,15,-4,-6,-14,0,-2,0,0,0,-5,0,-20,0,0,0,-26,0,-20,0,0,-9,-21,-21,-14,0,-410,-403,-372,-368]} 1. d4 d5 2. c4 c6 3. Nf3 Nf6 4. e3 Bf5 5. Nc3 e6 6. Nh4 Bg6 7. Qb3 {D12: Slav Defence: 3 Nf3 Nf6 4 e3 Bf5} Qc7 8. Nxg6 hxg6 9. Bd2 {White has an edge.} Nbd7 10. Rc1 Nb6 11. cxd5 exd5 12. h3 Qd7 13. Bd3 Bd6 14. a4 {[%cal Ba2a4,Ba4a5][%mdl 32] [#]} O-O $146 ({Predecessor:} 14... Nc8) 15. O-O Bc7 16. a5 Nc4 17. Bxc4 {[#] Black must now prevent Be2.} dxc4 18. Qxc4 Qd6 {[%csl Gc7][%cal Rd6h2]} 19. g3 Bxa5 20. Rfd1 Qd7 21. Kg2 Rfe8 22. b4 b5 23. Qb3 $1 Bb6 24. Be1 Rad8 25. Rd3 a5 26. bxa5 Bxa5 27. Rdd1 Bxc3 28. Qxc3 Re6 29. Qb3 Nd5 30. Bd2 Rde8 31. Rc5 Nb6 32. Ra1 Na4 33. Rc2 Nb6 34. Rc5 Rf6 35. g4 Na4 $36 {[%mdl 2048] Black is more active.} 36. Rc2 c5 {...Qb7+ is the strong threat.} 37. dxc5 $2 {[%mdl 8192]} (37. Rb1 $1 $11 {and White stays safe.}) 37... Qc6+ $19 38. Kg1 {[#]} Rf3 $1 {Accuracy: White = 46%, Black = 56%.} ({Less strong is} 38... Qf3 39. Be1 $15) 0-1